Normal view
MARC view
- عبدالكريم، عبدالعزيز مصطفى ، م.مشارك: طلال محمود كراوي
Entry Personal Name
001 - CONTROL NUMBER
- control field: 56651
003 - CONTROL NUMBER IDENTIFIER
- control field: JO-AjAnu
005 - DATE AND TIME OF LATEST TRANSACTION
- control field: 20230606083301.0
008 - FIXED-LENGTH DATA ELEMENTS
- fixed length control field: 230606|| aca||aabn | a|a d
040 ## - CATALOGING SOURCE
- Original cataloging agency: JO-AjAnu
- Transcribing agency: JO-AjAnu
100 ## - HEADING--PERSONAL NAME
- Personal name: عبدالكريم، عبدالعزيز مصطفى ، م.مشارك: طلال محمود كراوي
670 ## - SOURCE DATA FOUND
- Source citation: Work cat.: (JO-AjAnu)28908: عبدالكريم، عبدالعزيز مصطفى ، م.مشارك: طلال محمود كراوي, author, تقييم المشاريع الاقتصادية : دراسة في تحليل الجدوى الاقتصادية وكفاءة الاداء